| 000 | 00850nam a22001937a 4500 | ||
|---|---|---|---|
| 005 | 20240214165310.0 | ||
| 010 | _aHIN-126885 | ||
| 020 |
_a9789393603067 _c595.00 |
||
| 035 | _aHN-99231 | ||
| 037 | _bDBAD/PUB | ||
| 082 | _a821.08 | ||
| 100 |
_aविनम्र सेन सिंह _962080 |
||
| 245 |
_aकलम आज उनकी जय बोल/ _cविनम्र सेन सिंह |
||
| 260 |
_aप्रयागराज _bलोकभारती प्रकाशन _c2023 |
||
| 270 |
_aपहली मंजिल, दरबारी बिल्डिंग, महात्मा गाँधी मार्ग _bप्रयागराज _e211002 |
||
| 300 |
_a208 पृष्ठ; _c23 सेमी (सजिल्द) |
||
| 710 | _962066 | ||
| 942 |
_cHN _2ddc _h821.08 _mविनम्र |
||
| 999 |
_c200742 _d200742 |
||